NPB2022年12球団ポジション別最多出場選手 - Statistics

General Stats
  • This quiz has been taken 230 times
  • The average score is 61 of 96
Answer Stats
Group 守備位置 選手名 試合数 % Correct
ソフトバンク 一塁手 中村 晃 95試合数
93%
西武 三塁手 中村 剛也 54試合数
93%
ロッテ 二塁手 中村 奨吾 136試合数
93%
ヤクルト 捕手 中村 悠平 80試合数
93%
西武 捕手 森 友哉 83試合数
87%
ロッテ 岡 大海 92試合数
87%
ソフトバンク 捕手 甲斐 拓也 130試合数
86%
ヤクルト 三塁手 村上 宗隆 141試合数
85%
DeNA 二塁手 牧 秀悟 135試合数
85%
巨人 捕手 大城 卓三 114試合数
85%
ロッテ 捕手 佐藤 都志也 84試合数
83%
ヤクルト 二塁手 山田 哲人 120試合数
83%
阪神 一塁手 大山 悠輔 100試合数
83%
阪神 佐藤 輝明 115試合数
83%
巨人 三塁手 岡本 和真 140試合数
83%
巨人 遊撃手 坂本 勇人 82試合数
83%
巨人 外野手 丸 佳浩 143試合数
83%
オリックス 三塁手 宗 佑磨 127試合数
82%
ソフトバンク 遊撃手 今宮 健太 130試合数
81%
西武 遊撃手 源田 壮亮 108試合数
81%
DeNA 三塁手 宮﨑 敏郎 119試合数
81%
ソフトバンク 柳田 悠岐 84試合数
80%
ヤクルト 一塁手 オスナ 138試合数
80%
阪神 捕手 梅野 隆太郎 98試合数
80%
阪神 遊撃手 中野 拓夢 135試合数
80%
阪神 外野手 近本 光司 132試合数
80%
オリックス 遊撃手 紅林 弘太郎 129試合数
78%
広島 二塁手 菊池 涼介 120試合数
78%
巨人 二塁手 吉川 尚輝 132試合数
77%
西武 一塁手 山川 穂高 89試合数
76%
西武 二塁手 外崎 修汰 131試合数
76%
ヤクルト 遊撃手 長岡 秀樹 139試合数
75%
楽天 二塁手 浅村 栄斗 111試合数
74%
日本ハム 一塁手 清宮 幸太郎 108試合数
73%
巨人 一塁手 中田 翔 100試合数
73%
オリックス 捕手 伏見 寅威 75試合数
72%
広島 三塁手 坂倉 将吾 119試合数
72%
オリックス 杉本 裕太郎 93試合数
70%
ヤクルト 外野手 塩見 泰隆 127試合数
70%
DeNA 一塁手 ソト 103試合数
70%
楽天 外野手 辰己 涼介 119試合数
69%
DeNA 外野手 桑原 将志 129試合数
69%
広島 捕手 會澤 翼 89試合数
69%
中日 捕手 木下 拓哉 120試合数
69%
西武 鈴木 将平 57試合数
68%
楽天 一塁手 鈴木 大地 78試合数
68%
中日 一塁手 ビシエド 128試合数
68%
楽天 西川 遥輝 100試合数
67%
日本ハム 外野手 万波 中正 87試合数
67%
DeNA 佐野 恵太 98試合数
67%
広島 外野手 西川 龍馬 97試合数
67%
中日 外野手 岡林 勇希 140試合数
66%
広島 遊撃手 小園 海斗 127試合数
64%
中日 大島 洋平 109試合数
64%
阪神 二塁手 糸原 健斗 63試合数
63%
阪神 三塁手 糸原 健斗 91試合数
63%
中日 二塁手 阿部 寿樹 73試合数
62%
中日 三塁手 高橋 周平 58試合数
62%
オリックス 二塁手 安達 了一 62試合数
61%
ソフトバンク 三塁手 野村 勇 66試合数
59%
日本ハム 三塁手 野村 佑希 81試合数
59%
DeNA 捕手 嶺井 博希 90試合数
59%
オリックス 外野手 福田 周平 117試合数
57%
ソフトバンク 二塁手 三森 大貴 93試合数
57%
ロッテ 三塁手 安田 尚憲 115試合数
57%
ロッテ 荻野 貴司 81試合数
57%
巨人 ポランコ 128試合数
57%
DeNA 遊撃手 大和 81試合数
55%
日本ハム 松本 剛 78試合数
54%
楽天 遊撃手 小深田 大翔 95試合数
52%
日本ハム 遊撃手 上川畑 大悟 71試合数
52%
オリックス 一塁手 中川 圭太 59試合数
50%
オリックス 中川 圭太 86試合数
50%
広島 一塁手 マクブルーム 121試合数
50%
楽天 捕手 炭谷 銀仁朗 96試合数
48%
ヤクルト 山崎 晃大朗 114試合数
47%
巨人 ウォーカー 96試合数
47%
広島 野間 峻祥 85試合数
47%
楽天 島内 宏明 96試合数
46%
ソフトバンク 外野手 柳町 達 97試合数
45%
日本ハム 二塁手 石井 一成 61試合数
45%
楽天 三塁手 茂木 栄五郎 63試合数
43%
中日 遊撃手 土田 龍空 59試合数
43%
西武 愛斗 120試合数
42%
ロッテ 一塁手 井上 晴哉 54試合数
42%
ロッテ 外野手 髙部 瑛斗 137試合数
38%
日本ハム 捕手 宇佐見 真吾 78試合数
38%
阪神 島田 海吏 114試合数
36%
DeNA 楠本 泰史 79試合数
31%
中日 A.マルティネス 58試合数
31%
ヤクルト 丸山 和郁 71試合数
30%
ソフトバンク グラシアル 76試合数
27%
ロッテ 遊撃手 エチェバリア 64試合数
25%
日本ハム 今川 優馬 84試合数
21%
広島 上本 崇司 65試合数
19%
西武 外野手 オグレディ 123試合数
18%
No matching quizzes found
Score Distribution
Percent of People with Each Score
Percentile by Number Answered
Your Score History
You have not taken this quiz